Justicia y Sufragio

Bibliographic Details
Format: eBook
Language:Spanish
Published: Mx̌ico D.F.: Tribunal Electoral del Poder Judicial del Estado de Jalisco , 2015 -
Subjects:
Online Access:Acceso restringido

MARC

LEADER 00000nam a22000007a 4500
005 20180523164859.0
007 cr|||| ||||
008 180523c20159999mx |||| s|||| 0|||b1spa d
035 |a 21557 
040 |a vLex 
090 |c 7992  |d 7992 
245 0 0 |a Justicia y Sufragio  |h [Recurso electrn̤ico] 
256 |a Servicio en ln̕ea 
260 |a Mx̌ico D.F.:  |b Tribunal Electoral del Poder Judicial del Estado de Jalisco ,  |c 2015 - 
300 |a 1 recurso electrn̤ico 
362 |a Nm︢. 1 (2015) - 
506 |a Contenido solo disponible en los productos indicados  |d vLex Global  |d vLex Global (Academic Edition, excluding Law Schools)  |d vLex Global (U.S. Academic Edition, Law Schools)  |d vLex Global (U.S. Academic Edition, excluding Law Schools)  |d vLex Global (Academic Edition, Law Schools) 
650 0 4 |a Justicia  |z Mx̌ico 
650 0 4 |a Sufragio  |z Mx̌ico 
740 0 |a vLex Revistas (Servicio en ln̕ea) 
856 4 0 |u http://vlex.com/source/21557  |z Acceso restringido 
942 |c REV 
999 0 |a Justice 
999 0 |a Suffrage